000 nam a22 7a 4500
999 _c9665
_d9665
008 180206b ||||| |||| 00| 0 eng d
100 _aBhanot,D.P.etal.
_94875
245 _aEnglish Grammar-8
260 _aNew Delhi
_bHoly Faith
_c2007